[Event "9. Int. Bavarian Open"]
[Site "Bad Wiessee"]
[Date "2005.11.02"]
[Round "5"]
[White "Rau, Hannes"]
[Black "Eingorn, Vereslav"]
[Result "1/2-1/2"]
[WhiteElo "2421"]
[BlackElo "2587"]
[PlyCount "33"]
[EventDate "2005.??.??"]

1. d4 e6 2. c4 Bb4+ 3. Bd2 a5 4. Nf3 d6 5. Nc3 Nf6 6. e3 Qe7 7. a3 Bxc3 8. Bxc3
Ne4 9. Qc2 Nxc3 10. Qxc3 O-O 11. Be2 Nd7 12. O-O b6 13. b4 Bb7 14. Rfc1 axb4
15. axb4 Nf6 16. Nd2 h6 17. Rxa8 1/2-1/2

[Event "9. Int. Bavarian Open"]
[Site "Bad Wiessee"]
[Date "2005.11.02"]
[Round "5"]
[White "Forchert, Martin"]
[Black "Bobras, Piotr"]
[Result "1/2-1/2"]
[WhiteElo "2402"]
[BlackElo "2563"]
[PlyCount "82"]
[EventDate "2005.??.??"]

1. e4 c5 2. Nf3 Nc6 3. d4 cxd4 4. Nxd4 Nf6 5. Nc3 e5 6. Ndb5 d6 7. Bg5 a6 8.
Na3 b5 9. Nd5 Be7 10. Bxf6 Bxf6 11. c3 Bg5 12. Nc2 O-O 13. a4 bxa4 14. Rxa4 a5
15. Bc4 Rb8 16. Ra2 Kh8 17. O-O f5 18. exf5 Bxf5 19. Nce3 Bg6 20. Qa4 Qc8 21.
Be2 Bxe3 22. Nxe3 Rf4 23. Qa3 Bf7 24. Raa1 d5 25. g3 Rf6 26. Rad1 d4 27. Nc4
Qh3 28. f3 Bd5 29. Rf2 Qe6 30. Qc5 a4 31. Nb6 Bb3 32. Bc4 Qd6 33. Qxd6 Rxd6 34.
Bxb3 axb3 35. Nc4 Rd5 36. f4 exf4 37. Rxf4 Rc5 38. Nd2 dxc3 39. Nxb3 c2 40. Rc1
Rcb5 41. Rxc2 Rxb3 1/2-1/2

[Event "9. Int. Bavarian Open"]
[Site "Bad Wiessee"]
[Date "2005.11.02"]
[Round "5"]
[White "Sandipan, Chanda"]
[Black "Morawietz, Dieter"]
[Result "0-1"]
[WhiteElo "2560"]
[BlackElo "2385"]
[PlyCount "93"]
[EventDate "2005.??.??"]

1. e4 c5 2. Nf3 e6 3. d4 cxd4 4. Nxd4 Nf6 5. Nc3 d6 6. Be2 Be7 7. Be3 O-O 8.
O-O a6 9. f4 Qc7 10. g4 d5 11. e5 Ne4 12. Nxe4 dxe4 13. g5 Nc6 14. Nxc6 Qxc6
15. c3 b6 16. Qc1 Bb7 17. Bd4 Bc5 18. Qe3 Bxd4 19. cxd4 Qd7 20. Bc4 Rac8 21.
Bb3 Rfd8 22. Rad1 Bd5 23. Rd2 g6 24. Bc2 Qb5 25. Bb1 Rc7 26. Rfd1 a5 27. b3 a4
28. bxa4 Qxa4 29. Bxe4 Bxe4 30. Qxe4 Rd5 31. Qe3 Rc4 32. Kf2 b5 33. h4 b4 34.
Qe2 Rc3 35. Rd3 Qa7 36. Rxc3 bxc3 37. Qc4 Qa3 38. f5 gxf5 39. Qc8+ Qf8 40. Qxc3
Qa8 41. a3 Rb5 42. Re1 Qb7 43. Qf3 Qb6 44. Qc3 Rb3 45. Qc5 Qa6 46. Rc1 Qd3 47.
Qc6 0-1

[Event "9. Int. Bavarian Open"]
[Site "Bad Wiessee"]
[Date "2005.11.02"]
[Round "5"]
[White "Stark, Lars"]
[Black "Bischoff, Klaus"]
[Result "1/2-1/2"]
[WhiteElo "2342"]
[BlackElo "2555"]
[PlyCount "21"]
[EventDate "2005.??.??"]

1. c4 b6 2. Nc3 Bb7 3. e4 e6 4. g3 f5 5. Bg2 Nf6 6. Qc2 c5 7. Nge2 Nc6 8. d3
fxe4 9. dxe4 Be7 10. O-O a6 11. h3 1/2-1/2

[Event "9. Int. Bavarian Open"]
[Site "Bad Wiessee"]
[Date "2005.11.02"]
[Round "5"]
[White "Bayer, Bernhard"]
[Black "Naumann, Alexander"]
[Result "1/2-1/2"]
[WhiteElo "2330"]
[BlackElo "2534"]
[PlyCount "36"]
[EventDate "2005.??.??"]

1. Nf3 Nf6 2. d4 e6 3. c4 d5 4. Nc3 dxc4 5. e3 c5 6. Bxc4 a6 7. O-O b5 8. Be2
Bb7 9. dxc5 Bxc5 10. Qxd8+ Kxd8 11. a3 Nbd7 12. b4 Bd6 13. Bb2 Ke7 14. Rfd1
Rac8 15. Nd4 Rhd8 16. Rac1 Be5 17. a4 bxa4 18. Nxa4 Bd6 1/2-1/2

[Event "9. Int. Bavarian Open"]
[Site "Bad Wiessee"]
[Date "2005.11.02"]
[Round "5"]
[White "Jaracz, Pawel"]
[Black "Brener, Ilja"]
[Result "1-0"]
[WhiteElo "2492"]
[BlackElo "2334"]
[PlyCount "69"]
[EventDate "2005.??.??"]

1. d4 Nf6 2. c4 g6 3. g3 Bg7 4. Bg2 O-O 5. Nc3 d6 6. Nf3 Nbd7 7. O-O e5 8. e4
exd4 9. Nxd4 Re8 10. h3 a6 11. Be3 Rb8 12. a4 Nc5 13. Qc2 a5 14. Rad1 Bd7 15.
Ndb5 b6 16. Bd4 Ne6 17. Be3 Nc5 18. Rfe1 Qc8 19. Kh2 Re5 20. f3 Re8 21. Bd4 Ne6
22. Be3 h5 23. f4 Nh7 24. Nd5 Bxb5 25. axb5 Nc5 26. b4 axb4 27. Nxb4 Nf8 28.
Nc6 Ra8 29. Bxc5 bxc5 30. e5 h4 31. exd6 hxg3+ 32. Kxg3 cxd6 33. Ne7+ Rxe7 34.
Rxe7 Rb8 35. Bd5 1-0

[Event "9. Int. Bavarian Open"]
[Site "Bad Wiessee"]
[Date "2005.11.02"]
[Round "5"]
[White "Rotstein, Arkadij"]
[Black "Sailer, Wolfgang"]
[Result "1-0"]
[WhiteElo "2528"]
[BlackElo "2214"]
[PlyCount "39"]
[EventDate "2005.??.??"]

1. e4 d6 2. d4 Nf6 3. Nc3 g6 4. f4 Bg7 5. Nf3 O-O 6. Be3 b6 7. Bd3 Bb7 8. O-O
c5 9. d5 e6 10. dxe6 fxe6 11. Ng5 Re8 12. e5 Nd5 13. Nxd5 exd5 14. Nxh7 Kxh7
15. Qh5+ Kg8 16. Bxg6 Nd7 17. f5 Rxe5 18. Qh7+ Kf8 19. f6 Nxf6 20. Bh6 1-0

[Event "9. Int. Bavarian Open"]
[Site "Bad Wiessee"]
[Date "2005.11.02"]
[Round "5"]
[White "Nagel, Bernhard"]
[Black "Marcelin, Cyril"]
[Result "1/2-1/2"]
[WhiteElo "2219"]
[BlackElo "2463"]
[PlyCount "67"]
[EventDate "2005.??.??"]

1. d4 d5 2. Nf3 Nf6 3. c4 c6 4. e3 Bf5 5. Nc3 e6 6. Nh4 Bg6 7. Bd2 Nbd7 8. Qb3
Ne4 9. Nxg6 Nxd2 10. Kxd2 hxg6 11. cxd5 cxd5 12. Bb5 Bd6 13. Qa4 Ke7 14. Bxd7
Qxd7 15. h3 Rhc8 16. Qxd7+ Kxd7 17. Rhc1 Rc6 18. Rc2 Bb4 19. Rac1 Rac8 20. Kd3
Bxc3 21. Rxc3 Rxc3+ 22. Rxc3 Rh8 23. Ra3 a6 24. Rb3 Kc6 25. Rc3+ Kd6 26. Rb3
Rb8 27. Rb6+ Kc7 28. Rb3 b6 29. Rc3+ Kd6 30. Ra3 Ra8 31. Rb3 Kc6 32. Rc3+ Kd7
33. Rb3 Kc7 34. Rc3+ 1/2-1/2

[Event "9. Int. Bavarian Open"]
[Site "Bad Wiessee"]
[Date "2005.11.02"]
[Round "5"]
[White "Bozic, Milan"]
[Black "Frotscher, Thomas"]
[Result "1-0"]
[WhiteElo "2387"]
[BlackElo "2196"]
[PlyCount "59"]
[EventDate "2005.??.??"]

1. e4 c5 2. Nf3 Nc6 3. d4 cxd4 4. c3 g6 5. cxd4 Nf6 6. d5 Nb8 7. e5 Ng4 8. h3
Nh6 9. d6 Bg7 10. Bg5 f6 11. exf6 exf6 12. Qe2+ Kf8 13. Bf4 Nf7 14. Nc3 Nc6 15.
O-O-O Bh6 16. g3 Bxf4+ 17. gxf4 Kg7 18. Qd2 Qa5 19. Bc4 Qc5 20. Bb3 b5 21. Kb1
Bb7 22. Rhe1 Rhe8 23. Ne4 Rxe4 24. Rxe4 Nce5 25. Rxe5 fxe5 26. Nxe5 Nxe5 27.
fxe5 Qxe5 28. Re1 Be4+ 29. Ka1 Rc8 30. f3 1-0

[Event "9. Int. Bavarian Open"]
[Site "Bad Wiessee"]
[Date "2005.11.02"]
[Round "5"]
[White "Schatz, Dieter"]
[Black "Zaragatski, Ilja"]
[Result "0-1"]
[WhiteElo "2218"]
[BlackElo "2376"]
[PlyCount "54"]
[EventDate "2005.??.??"]

1. e4 e6 2. d4 d5 3. e5 c5 4. c3 Nc6 5. Nf3 Nge7 6. Be2 cxd4 7. cxd4 Qb6 8. Nc3
Nf5 9. Na4 Qa5+ 10. Bd2 Bb4 11. Bc3 b5 12. a3 Bxc3+ 13. Nxc3 b4 14. axb4 Qxb4
15. Qa4 Qb6 16. g4 Nfe7 17. Nb5 O-O 18. h4 f6 19. exf6 Rxf6 20. Rh2 Rf4 21.
O-O-O Bd7 22. Qa3 Rb8 23. Rd2 Na5 24. Qxe7 Nb3+ 25. Kd1 Nxd2 26. Ng5 Bxb5 27.
Bxb5 Qxb5 0-1

[Event "9. Int. Bavarian Open"]
[Site "Bad Wiessee"]
[Date "2005.11.02"]
[Round "5"]
[White "Tillmann, Markus"]
[Black "Meister, Peter"]
[Result "0-1"]
[WhiteElo "2216"]
[BlackElo "2358"]
[PlyCount "32"]
[EventDate "2005.??.??"]

1. d4 d5 2. c4 dxc4 3. e3 e5 4. Bxc4 exd4 5. Nf3 Bb4+ 6. Ke2 Nc6 7. Qb3 Qe7 8.
a3 Ba5 9. Rd1 Nf6 10. Nxd4 Nxd4+ 11. Rxd4 Bb6 12. Rd1 O-O 13. Nc3 c6 14. Kf1
Qe5 15. h3 Qh2 16. Ne2 Bxh3 0-1

[Event "9. Int. Bavarian Open"]
[Site "Bad Wiessee"]
[Date "2005.11.02"]
[Round "5"]
[White "Lang, Torsten"]
[Black "Holl, Andreas"]
[Result "1-0"]
[WhiteElo "2352"]
[BlackElo "2192"]
[PlyCount "55"]
[EventDate "2005.??.??"]

1. d4 Nf6 2. Nf3 e6 3. Bf4 d5 4. e3 c5 5. c3 Nc6 6. Nbd2 Bd6 7. Bg3 O-O 8. Bd3
Qe7 9. Ne5 Rd8 10. f4 Nd7 11. Ndf3 f5 12. Bh4 Nf6 13. g4 g6 14. Rg1 Rf8 15.
gxf5 exf5 16. Qe2 Qe8 17. Bxf6 Rxf6 18. h4 Bxe5 19. fxe5 Rf7 20. Ng5 Re7 21.
Qg2 Qd8 22. O-O-O c4 23. Bc2 Rg7 24. Nh3 Be6 25. Nf4 Qd7 26. h5 Kf7 27. Rdf1
Ne7 28. Qg5 1-0

[Event "9. Int. Bavarian Open"]
[Site "Bad Wiessee"]
[Date "2005.11.02"]
[Round "5"]
[White "Loos, Stephan"]
[Black "Reefschläger, Helmut"]
[Result "1/2-1/2"]
[WhiteElo "2193"]
[BlackElo "2314"]
[PlyCount "39"]
[EventDate "2005.??.??"]

1. d4 d5 2. c4 e6 3. Nc3 c6 4. e3 f5 5. Nf3 Nf6 6. Be2 Bd6 7. O-O O-O 8. Qc2
Ne4 9. Ne5 Nd7 10. Nxe4 fxe4 11. f4 exf3 12. Nxf3 Nf6 13. Bd3 Qe8 14. e4 dxe4
15. Bxe4 Nxe4 16. Qxe4 Qh5 17. Be3 Qf5 18. Ng5 Qxe4 19. Nxe4 Be7 20. Bg5
1/2-1/2

[Event "9. Int. Bavarian Open"]
[Site "Bad Wiessee"]
[Date "2005.11.02"]
[Round "5"]
[White "Graf, Felix"]
[Black "Gießmann, Stephan"]
[Result "1-0"]
[WhiteElo "2187"]
[BlackElo "2284"]
[PlyCount "75"]
[EventDate "2005.??.??"]

1. d4 d5 2. c4 e6 3. Nc3 Nf6 4. cxd5 exd5 5. Bg5 c6 6. e3 Bf5 7. Qf3 Bg6 8.
Bxf6 gxf6 9. h4 Bb4 10. Qd1 Nd7 11. Bd3 Qa5 12. Nge2 Rg8 13. O-O Bd6 14. Nf4
Nf8 15. Nce2 Qc7 16. Rc1 Qd7 17. Qb3 Bxd3 18. Nxd3 Qg4 19. Ndf4 O-O-O 20. g3
Ne6 21. Kh2 Bxf4 22. Nxf4 Nxf4 23. exf4 Rge8 24. Qd3 Qg6 25. f5 Qg4 26. f3 Qg8
27. b4 Qf8 28. b5 Qe7 29. Rfe1 Qc7 30. bxc6 bxc6 31. Rb1 Rxe1 32. Qa6+ Kd7 33.
Rb7 Rc8 34. Qxa7 Rd1 35. a4 Rb1 36. Rxc7+ Rxc7 37. Qc5 Rbb7 38. Qf8 1-0

[Event "9. Int. Bavarian Open"]
[Site "Bad Wiessee"]
[Date "2005.11.02"]
[Round "5"]
[White "Moeldner, Juergen"]
[Black "Schneider, David"]
[Result "1/2-1/2"]
[WhiteElo "2273"]
[BlackElo "2154"]
[PlyCount "44"]
[EventDate "2005.??.??"]

1. d4 Nf6 2. Nf3 e6 3. g3 d5 4. Bg2 Nc6 5. O-O Be7 6. Bg5 h6 7. Bxf6 Bxf6 8. c3
O-O 9. Nbd2 e5 10. dxe5 Nxe5 11. Qb3 Nxf3+ 12. Nxf3 c6 13. Rad1 Qb6 14. Rfe1
Bg4 15. e4 Qxb3 16. axb3 dxe4 17. Rxe4 Be6 18. b4 Bd5 19. Ree1 Rfd8 20. Nd2 a5
21. bxa5 Rxa5 22. Ne4 Bxe4 1/2-1/2

[Event "9. Int. Bavarian Open"]
[Site "Bad Wiessee"]
[Date "2005.11.02"]
[Round "5"]
[White "Kloster, Josef"]
[Black "Salvermoser, Bernd"]
[Result "0-1"]
[WhiteElo "2177"]
[BlackElo "2266"]
[PlyCount "54"]
[EventDate "2005.??.??"]

1. e4 c5 2. Nf3 d6 3. d4 cxd4 4. Nxd4 Nf6 5. Nc3 g6 6. Be3 Bg7 7. f3 O-O 8. Qd2
Nc6 9. g4 Nxd4 10. Bxd4 Qa5 11. O-O-O Be6 12. Kb1 Rfc8 13. a3 Rab8 14. h4 b5
15. Nd5 Qxd2 16. Nxf6+ Bxf6 17. Rxd2 Bxd4 18. Rxd4 Kg7 19. Be2 Bc4 20. Bxc4
bxc4 21. Re1 Rc5 22. e5 dxe5 23. Rd7 Rcb5 24. Rxa7 Rxb2+ 25. Ka1 Rxc2 26. Rxe7
c3 27. Rb1 Rd8 0-1

[Event "9. Int. Bavarian Open"]
[Site "Bad Wiessee"]
[Date "2005.11.02"]
[Round "5"]
[White "Weiler, Wolfgang"]
[Black "Lorscheid, Gerhard"]
[Result "1/2-1/2"]
[WhiteElo "2170"]
[BlackElo "2262"]
[PlyCount "50"]
[EventDate "2005.??.??"]

1. d4 d6 2. c4 Nf6 3. Nc3 Nbd7 4. Nf3 e5 5. e4 Be7 6. Be2 O-O 7. O-O c6 8. Rb1
Re8 9. Qc2 Qc7 10. Re1 Nf8 11. d5 cxd5 12. cxd5 Bd7 13. Qb3 a6 14. Be3 b5 15.
Rec1 Qb8 16. Nd2 Bd8 17. Qc2 Bb6 18. Bxb6 Qxb6 19. b4 Rec8 20. Nb3 Ra7 21. Qd2
Rac7 22. Bf3 Ng6 23. g3 Ne7 24. Nd1 h6 25. Ne3 g6 1/2-1/2

[Event "9. Int. Bavarian Open"]
[Site "Bad Wiessee"]
[Date "2005.11.03"]
[Round "6"]
[White "Delchev, Aleksander"]
[Black "Baramidze, David"]
[Result "1-0"]
[WhiteElo "2669"]
[BlackElo "2542"]
[PlyCount "45"]
[EventDate "2005.??.??"]

1. e4 c5 2. Nf3 d6 3. d4 cxd4 4. Nxd4 Nf6 5. Nc3 a6 6. Be3 e5 7. Nf3 Be7 8. Bc4
O-O 9. O-O Be6 10. Bb3 h6 11. Nh4 Re8 12. Nf5 Bf8 13. Qf3 Nbd7 14. Rad1 Qc7 15.
Rd2 Kh7 16. Rfd1 Rad8 17. g4 Bxb3 18. axb3 Re6 19. g5 hxg5 20. Bxg5 Rc8 21. Kh1
Nb6 22. Rg1 Kg8 23. Nxg7 1-0

[Event "9. Int. Bavarian Open"]
[Site "Bad Wiessee"]
[Date "2005.11.03"]
[Round "6"]
[White "Landa, Konstantin"]
[Black "Hoffmann, Michael"]
[Result "0-1"]
[WhiteElo "2600"]
[BlackElo "2443"]
[PlyCount "124"]
[EventDate "2005.??.??"]

1. e4 c5 2. Nf3 d6 3. d4 Nf6 4. Nc3 cxd4 5. Nxd4 a6 6. Be3 e6 7. f3 b5 8. Qd2
Nbd7 9. g4 Nb6 10. a4 Nc4 11. Bxc4 bxc4 12. a5 Bb7 13. Na4 d5 14. e5 Nd7 15.
Bf4 Qc7 16. Bg3 Nxe5 17. Nb6 Bd6 18. Nxa8 Bxa8 19. O-O O-O 20. Qe3 Rd8 21. b4
Nc6 22. Bxd6 Qxd6 23. b5 Nxd4 24. Qxd4 axb5 25. Qb6 Bc6 26. a6 Rb8 27. Qf2 d4
28. a7 Rd8 29. c3 e5 30. cxd4 exd4 31. Qg3 Qd5 32. Qb8 h5 33. Ra6 Ba8 34. Rb6
d3 35. Qxd8+ Qxd8 36. Rb8 Qf8 37. Kf2 d2 38. gxh5 f6 39. h6 gxh6 40. f4 c3 41.
Ke2 Kf7 42. Rxf8+ Kxf8 43. Rg1 b4 44. Rg3 Kf7 45. Rd3 Ke6 46. Rd8 Bc6 47. a8=Q
Bxa8 48. Rxa8 b3 49. Ra6+ Kf5 50. Ra5+ Kxf4 51. Ra4+ Ke5 52. Ra5+ Kd4 53. Ra4+
Kc5 54. Ra5+ Kb4 55. Ra8 b2 56. Rb8+ Kc4 57. Kd1 f5 58. h4 f4 59. h5 f3 60.
Rc8+ Kd4 61. Rd8+ Ke4 62. Kc2 f2 0-1

[Event "9. Int. Bavarian Open"]
[Site "Bad Wiessee"]
[Date "2005.11.03"]
[Round "6"]
[White "Kritz, Leonid"]
[Black "Meins, Gerlef"]
[Result "1/2-1/2"]
[WhiteElo "2545"]
[BlackElo "2441"]
[PlyCount "60"]
[EventDate "2005.??.??"]

1. c4 Nf6 2. Nc3 e5 3. e3 Bb4 4. Nge2 O-O 5. a3 Be7 6. g3 d5 7. cxd5 Nxd5 8.
Bg2 c6 9. Qc2 Na6 10. O-O Nac7 11. Rd1 Bg4 12. d4 exd4 13. Rxd4 Qc8 14. e4 Nxc3
15. Nxc3 Ne6 16. Rd3 Nc5 17. Re3 Rd8 18. b4 Ne6 19. Ne2 c5 20. f3 cxb4 21. Qxc8
Raxc8 22. fxg4 Rc2 23. Kf2 b3 24. Rxb3 Rxe2+ 25. Kxe2 Nd4+ 26. Ke1 Nxb3 27. Rb1
Nxc1 28. Rxc1 Bxa3 29. Rc7 Bb4+ 30. Ke2 b5 1/2-1/2

[Event "9. Int. Bavarian Open"]
[Site "Bad Wiessee"]
[Date "2005.11.03"]
[Round "6"]
[White "Balinov, Ilija"]
[Black "Jaracz, Pawel"]
[Result "1/2-1/2"]
[WhiteElo "2431"]
[BlackElo "2492"]
[PlyCount "38"]
[EventDate "2005.??.??"]

1. Nf3 Nf6 2. c4 e6 3. d4 b6 4. g3 Ba6 5. Qa4 Bb7 6. Bg2 c5 7. dxc5 bxc5 8. O-O
Be7 9. Nc3 O-O 10. Rd1 d6 11. Bf4 Qb6 12. Rab1 Bc6 13. Qc2 Rd8 14. e4 Qb7 15.
Ne1 h6 16. Qe2 e5 17. Bd2 Be8 18. Nd5 a5 19. b3 Nc6 1/2-1/2

[Event "9. Int. Bavarian Open"]
[Site "Bad Wiessee"]
[Date "2005.11.03"]
[Round "6"]
[White "Womacka, Mathias"]
[Black "Akesson, Ralf"]
[Result "1/2-1/2"]
[WhiteElo "2397"]
[BlackElo "2486"]
[PlyCount "108"]
[EventDate "2005.??.??"]

1. e4 c5 2. Nf3 e6 3. d4 cxd4 4. Nxd4 Nc6 5. Nc3 Qc7 6. Be3 Nf6 7. f4 Bb4 8.
Ndb5 Qa5 9. e5 Ne4 10. Qd3 Nxc3 11. Nxc3 Bxc3+ 12. bxc3 b6 13. Be2 Bb7 14. O-O
Ne7 15. c4 Nf5 16. Bf2 h5 17. Rfd1 Qa4 18. Qb3 Qc6 19. Bf3 Qc7 20. c5 Bxf3 21.
Qxf3 Rb8 22. cxb6 axb6 23. c4 Qxc4 24. Rac1 Qa4 25. Rc7 O-O 26. Rdxd7 Rfd8 27.
Qd3 Rf8 28. Qc4 Ra8 29. Bxb6 Qxc4 30. Rxc4 Rxa2 31. Rdc7 Kh7 32. Rc2 Ra4 33. g3
Rb8 34. Bf2 Kg6 35. Kg2 Rb3 36. R7c3 Rbb4 37. Kf3 Nh6 38. Bc5 Rb1 39. Rc1 Rxc1
40. Rxc1 Ra2 41. h3 h4 42. gxh4 Nf5 43. Bf2 Ra3+ 44. Kg2 Rd3 45. Rc7 Nh6 46.
Rc4 Rb3 47. Ra4 Rb7 48. Kf3 Nf5 49. Ra7 Nxh4+ 50. Kg4 Rxa7 51. Bxa7 Nf5 52. Bb6
Nh6+ 53. Kf3 Kf5 54. Bd8 Ng8 1/2-1/2

[Event "9. Int. Bavarian Open"]
[Site "Bad Wiessee"]
[Date "2005.11.03"]
[Round "6"]
[White "Cordts, Ingo"]
[Black "Braun, Arik"]
[Result "1-0"]
[WhiteElo "2305"]
[BlackElo "2465"]
[PlyCount "93"]
[EventDate "2005.??.??"]

1. e4 e6 2. Nc3 d5 3. d4 Nf6 4. Bg5 Be7 5. e5 Nfd7 6. h4 a6 7. Qg4 g6 8. Nf3 h5
9. Qf4 Nc6 10. O-O-O b5 11. g4 Nf8 12. gxh5 gxh5 13. Rg1 Bd7 14. Ne2 a5 15. Qg3
b4 16. Nf4 b3 17. cxb3 a4 18. Bxe7 Nxe7 19. Qg5 axb3 20. a3 c5 21. Nxh5 Rxh5
22. Qxh5 c4 23. Ng5 Neg6 24. Rg3 Qe7 25. Rf3 Rxa3 26. Rxf7 Ra1+ 27. Kd2 Qb4+
28. Ke3 Rxd1 29. Qxd1 c3 30. Qa1 Qb8 31. bxc3 b2 32. Qb1 Qb3 33. Kd2 Nxh4 34.
Bd3 Bb5 35. Bxb5+ Qxb5 36. Rc7 Qb8 37. Rc5 Nf5 38. Kc2 Nd7 39. Rc6 Qb5 40.
Rxe6+ Kd8 41. Qxb2 Qe2+ 42. Kb3 Qb5+ 43. Kc2 Qe2+ 44. Kb1 Qd1+ 45. Qc1 Qb3+ 46.
Ka1 Kc7 47. Ra6 1-0

[Event "9. Int. Bavarian Open"]
[Site "Bad Wiessee"]
[Date "2005.11.03"]
[Round "6"]
[White "Khenkin, Igor"]
[Black "Hammer, Jon Ludwig"]
[Result "1-0"]
[WhiteElo "2603"]
[BlackElo "2278"]
[PlyCount "47"]
[EventDate "2005.??.??"]

1. d4 d5 2. c4 c6 3. e3 Nf6 4. Bd3 e5 5. Nc3 e4 6. Bc2 Bd6 7. f3 exf3 8. Nxf3
O-O 9. O-O Re8 10. Qe1 Nbd7 11. cxd5 cxd5 12. Qh4 h6 13. g4 Nf8 14. g5 hxg5 15.
Nxg5 Be6 16. Bd2 Ng6 17. Bxg6 fxg6 18. Rxf6 Qxf6 19. Qh7+ Kf8 20. Rf1 Bf5 21.
h4 Rac8 22. Nxd5 Bh2+ 23. Kg2 Rc2 24. Qh8# 1-0

[Event "9. Int. Bavarian Open"]
[Site "Bad Wiessee"]
[Date "2005.11.03"]
[Round "6"]
[White "Heinz, Axel"]
[Black "Eingorn, Vereslav"]
[Result "1/2-1/2"]
[WhiteElo "2363"]
[BlackElo "2587"]
[PlyCount "29"]
[EventDate "2005.??.??"]

1. e4 c5 2. Nf3 a6 3. c4 e6 4. Nc3 Qc7 5. g3 Nc6 6. Bg2 Nd4 7. O-O Ne7 8. d3
Nec6 9. Nxd4 Nxd4 10. Ne2 Nxe2+ 11. Qxe2 d6 12. b3 Be7 13. Bb2 e5 14. f4 Bf6
15. f5 1/2-1/2

[Event "9. Int. Bavarian Open"]
[Site "Bad Wiessee"]
[Date "2005.11.03"]
[Round "6"]
[White "Vysochin, Spartak"]
[Black "Lang, Torsten"]
[Result "1-0"]
[WhiteElo "2578"]
[BlackElo "2352"]
[PlyCount "71"]
[EventDate "2005.??.??"]

1. e4 c6 2. d4 g6 3. Nc3 d5 4. h3 Bg7 5. Nf3 dxe4 6. Nxe4 Nh6 7. c3 Nf5 8. Bf4
O-O 9. Bd3 Nd6 10. O-O Nxe4 11. Bxe4 Be6 12. Bd3 Bd5 13. Ne5 Nd7 14. Re1 Re8
15. Qc2 Nxe5 16. Bxe5 Rc8 17. b4 Qd7 18. a4 b6 19. Bxg7 Kxg7 20. Re3 Be6 21.
Rae1 a5 22. bxa5 bxa5 23. Re5 Red8 24. Rc5 Qd6 25. Qe2 Rb8 26. Rxa5 Qa3 27. Rc5
Rb2 28. Qe5+ Kg8 29. Rxc6 Qa2 30. Qe3 Bd5 31. Rc7 e5 32. c4 e4 33. Bf1 Ba8 34.
d5 Qxa4 35. Qxe4 Qa5 36. Qf4 1-0

[Event "9. Int. Bavarian Open"]
[Site "Bad Wiessee"]
[Date "2005.11.03"]
[Round "6"]
[White "Bobras, Piotr"]
[Black "Stark, Lars"]
[Result "1-0"]
[WhiteElo "2563"]
[BlackElo "2342"]
[PlyCount "117"]
[EventDate "2005.??.??"]

1. e4 e6 2. d4 d5 3. Nc3 Nf6 4. Bg5 Bb4 5. e5 h6 6. Bd2 Bxc3 7. bxc3 Ne4 8. Qg4
g6 9. Qf4 c5 10. Bd3 Nxd2 11. Qxd2 Bd7 12. Nf3 Bc6 13. dxc5 Nd7 14. O-O Qe7 15.
Rab1 Rc8 16. Rfe1 Nxc5 17. Nd4 Bd7 18. Re3 h5 19. g3 Rc7 20. h4 Kd8 21. c4 dxc4
22. Bxc4 Kc8 23. Qa5 a6 24. Qb6 Rd8 25. Qa7 Ba4 26. Rd1 Rcd7 27. Rc3 Rxd4 28.
Bxe6+ Kc7 29. Rxd4 Rxd4 30. Qxc5+ Qxc5 31. Rxc5+ Kb6 32. Rd5 Rxd5 33. Bxd5 Bxc2
34. Bxf7 Kc5 35. Kg2 b5 36. Kf3 a5 37. Kf4 b4 38. Kg5 a4 39. e6 b3 40. e7 b2
41. e8=Q b1=Q 42. Qf8+ Kc6 43. Qe8+ Kd6 44. Qd8+ Kc6 45. Qc8+ Kd6 46. Qe6+ Kc7
47. Qe5+ Kb7 48. a3 Qc1+ 49. Qe3 Qb1 50. Qe7+ Kc6 51. Qe6+ Kc7 52. Qe5+ Kb7 53.
Bd5+ Kc8 54. Qe8+ Kc7 55. Qe7+ Kc8 56. Be6+ Kb8 57. Qd8+ Ka7 58. Qc7+ Qb7 59.
Qxb7+ 1-0

[Event "9. Int. Bavarian Open"]
[Site "Bad Wiessee"]
[Date "2005.11.03"]
[Round "6"]
[White "Bischoff, Klaus"]
[Black "Seuffert, Gabriel"]
[Result "1-0"]
[WhiteElo "2555"]
[BlackElo "2336"]
[PlyCount "55"]
[EventDate "2005.??.??"]

1. d4 e6 2. c4 Nf6 3. Nc3 Bb4 4. e3 c5 5. Nge2 d5 6. cxd5 exd5 7. a3 cxd4 8.
axb4 dxc3 9. Nxc3 Nc6 10. b5 Ne7 11. Be2 O-O 12. O-O Nf5 13. Qa4 Qc7 14. Rd1
Be6 15. Bd2 Qe5 16. Be1 Rfd8 17. Bf3 d4 18. b6 a6 19. Bxb7 Ng4 20. g3 Rab8 21.
Bg2 dxc3 22. Rxd8+ Rxd8 23. Bxc3 Qb5 24. Qxb5 axb5 25. Bb4 Ne5 26. b7 Nd7 27.
g4 Nh4 28. Be7 1-0

[Event "9. Int. Bavarian Open"]
[Site "Bad Wiessee"]
[Date "2005.11.03"]
[Round "6"]
[White "Meister, Peter"]
[Black "Romanishin, Oleg"]
[Result "1/2-1/2"]
[WhiteElo "2358"]
[BlackElo "2547"]
[PlyCount "42"]
[EventDate "2005.??.??"]

1. d4 Nf6 2. c4 e6 3. Nf3 b6 4. g3 Bb7 5. Nbd2 Bb4 6. Bg2 O-O 7. O-O d5 8. cxd5
Bxd5 9. a3 Bxd2 10. Bxd2 Nbd7 11. b4 Ne4 12. b5 Nxd2 13. Qxd2 a6 14. a4 Nf6 15.
Rfc1 Qd6 16. Qb2 Ra7 17. Ne5 Bxg2 18. Kxg2 axb5 19. axb5 Rfa8 20. Kg1 h5 21. h3
Rxa1 1/2-1/2

[Event "9. Int. Bavarian Open"]
[Site "Bad Wiessee"]
[Date "2005.11.03"]
[Round "6"]
[White "Bücker, Stefan"]
[Black "Rotstein, Arkadij"]
[Result "0-1"]
[WhiteElo "2349"]
[BlackElo "2528"]
[PlyCount "86"]
[EventDate "2005.??.??"]

1. e4 c5 2. Nc3 Nc6 3. g3 g6 4. Bg2 Bg7 5. d3 d6 6. f4 e6 7. Nf3 Nge7 8. Be3
O-O 9. Qd2 b6 10. Rd1 Nd4 11. O-O Bb7 12. Qf2 e5 13. Ng5 exf4 14. gxf4 h6 15.
Nh3 f5 16. Rd2 Qd7 17. Qh4 Rae8 18. Nd1 d5 19. e5 Ne6 20. d4 cxd4 21. Bxd4 Qa4
22. Nc3 Qc4 23. Rfd1 Rf7 24. Kh1 Nc6 25. b3 Qa6 26. Bg1 d4 27. Nd5 Ref8 28. c4
dxc3 29. Nxc3 Nb4 30. Be3 Rc8 31. Ne2 Bxg2+ 32. Kxg2 Qb7+ 33. Kg1 Qe4 34. Qg3
Nc2 35. Bf2 g5 36. Nc3 gxf4 37. Qg6 Rxc3 38. Qxe6 Rc6 39. Rd8+ Bf8 40. Qd5 Rg6+
41. Kf1 f3 42. Ng1 Ne3+ 43. Bxe3 Rxg1+ 0-1

[Event "9. Int. Bavarian Open"]
[Site "Bad Wiessee"]
[Date "2005.11.03"]
[Round "6"]
[White "Bayer, Bernhard"]
[Black "Burmakin, Vladimir"]
[Result "0-1"]
[WhiteElo "2330"]
[BlackElo "2508"]
[PlyCount "66"]
[EventDate "2005.??.??"]

1. d4 d5 2. Nf3 Nf6 3. c4 e6 4. Nc3 Be7 5. Bg5 h6 6. Bh4 Nbd7 7. e3 O-O 8. Bd3
b6 9. O-O Bb7 10. cxd5 Nxd5 11. Bxe7 Qxe7 12. Nxd5 exd5 13. Rc1 c5 14. dxc5
bxc5 15. Bf5 Nf6 16. Qa4 g6 17. Bb1 Rfc8 18. Rc3 Rc7 19. Rfc1 Rac8 20. Qf4 Kg7
21. Qe5 Qd8 22. Ra3 Re7 23. Qf4 Qb6 24. Rb3 Qe6 25. Rbc3 d4 26. Rxc5 Rxc5 27.
Rxc5 Qb6 28. b4 Qxb4 29. Rc1 Qb2 30. Re1 Be4 31. Qd6 Rd7 32. Qe5 Bxb1 33. Nxd4
Qb6 0-1

[Event "9. Int. Bavarian Open"]
[Site "Bad Wiessee"]
[Date "2005.11.03"]
[Round "6"]
[White "Polster, Wolfgang"]
[Black "Zude, Arno"]
[Result "0-1"]
[WhiteElo "2281"]
[BlackElo "2422"]
[PlyCount "112"]
[EventDate "2005.??.??"]

1. e4 e5 2. Bc4 Nf6 3. Qe2 Nc6 4. Nf3 Bc5 5. c3 d6 6. d3 h6 7. Nbd2 a6 8. Bb3
O-O 9. Nf1 Be6 10. Ng3 Qd7 11. O-O Rad8 12. h3 Bxb3 13. axb3 d5 14. Ne1 Rfe8
15. Qf3 Qe6 16. b4 Bf8 17. Nf5 Ne7 18. Nxe7+ Rxe7 19. Nc2 Red7 20. Re1 dxe4 21.
dxe4 c5 22. bxc5 Bxc5 23. Ne3 Rd3 24. Qf5 Qc6 25. Ng4 Nxg4 26. Qxg4 Qb6 27. Rf1
Bxf2+ 28. Kh1 Bg3 29. Qf5 Qc7 30. Qg4 Qd7 31. Qe2 Rd1 32. Be3 Rxa1 33. Rxa1 Qd3
34. Qf3 Bf4 35. Re1 Bxe3 36. Qxe3 Qxe3 37. Rxe3 Rd1+ 38. Kh2 a5 39. c4 Rd4 40.
Ra3 b6 41. c5 bxc5 42. Rxa5 Rxe4 43. Rxc5 f6 44. Rc2 Rb4 45. Kg3 Kf7 46. Kf3
Ke6 47. Ke3 Rb3+ 48. Kd2 e4 49. Kc1 f5 50. Kb1 f4 51. Ka2 Rb7 52. Ka3 f3 53.
gxf3 exf3 54. b4 Rf7 55. Rf2 Ke5 56. b5 Ke4 0-1

[Event "9. Int. Bavarian Open"]
[Site "Bad Wiessee"]
[Date "2005.11.03"]
[Round "6"]
[White "Kastek, Thomas"]
[Black "Klundt, Klaus"]
[Result "1/2-1/2"]
[WhiteElo "2209"]
[BlackElo "2377"]
[PlyCount "28"]
[EventDate "2005.??.??"]

1. c4 Nf6 2. g3 g6 3. Bg2 Bg7 4. Nc3 O-O 5. d3 d6 6. Bg5 h6 7. Bd2 e5 8. e4
Nbd7 9. Nge2 Nc5 10. Qc2 a5 11. O-O Nh5 12. Be3 f5 13. exf5 Bxf5 14. Ne4 Nxe4
1/2-1/2